Normal view
MARC view
Entry Corporate Name
001 - CONTROL NUMBER
- control field: 288529
003 - CONTROL NUMBER IDENTIFIER
- control field: OSt
005 - DATE AND TIME OF LATEST TRANSACTION
- control field: 20220925222916.0
008 - FIXED-LENGTH DATA ELEMENTS
- fixed length control field: 220925|| aca||aabn | a|a d
040 ## - CATALOGING SOURCE
- Original cataloging agency: OSt
- Transcribing agency: OSt
110 ## - HEADING--CORPORATE NAME
- Corporate name or jurisdiction name as entry element: Planning and Transport Research and Computation (London:22May 1969)
670 ## - SOURCE DATA FOUND
- Source citation: Work cat.: (OSt)578103: Planning and Transport Research and Computation (London:22May 1969), Proceedings of P.T.R.C. Seminar, Planning Programming and Budgeting systems and decision Making in local Government 2,, 1969
